গীতমালিকা ১-২ খণ্ড / (Record no. 2503)

MARC details
000 -LEADER
fixed length control field 00890nam a2200253 a 4500
003 - CONTROL NUMBER IDENTIFIER
control field BD-DhJNU
005 - DATE AND TIME OF LATEST TRANSACTION
control field 20260111055543.0
008 - FIXED-LENGTH DATA ELEMENTS--GENERAL INFORMATION
fixed length control field 251108s2002 bg |||g |||| 000 1|ben|d
020 ## - INTERNATIONAL STANDARD BOOK NUMBER
International Standard Book Number 9788175222656
020 ## - INTERNATIONAL STANDARD BOOK NUMBER
International Standard Book Number 9788175220218 (Set)
040 ## - CATALOGING SOURCE
Original cataloging agency BD-DhJNU
Language of cataloging ben
Transcribing agency BD-DhJNU
Modifying agency BD-DhJNU
041 ## - LANGUAGE CODE
Language code of text/sound track or separate title ben
082 ## - DEWEY DECIMAL CLASSIFICATION NUMBER
Classification number 781.1 TAG
Edition number 23
100 ## - MAIN ENTRY--PERSONAL NAME
Personal name ঠাকুর, রবীন্দ্রনাথ
242 10 - TRANSLATION OF TITLE BY CATALOGING AGENCY
Title Gitmalika (Vol. 1-2) /
Statement of responsibility, etc. Rabindranath Tagore
245 10 - TITLE STATEMENT
Title গীতমালিকা ১-২ খণ্ড /
Statement of responsibility, etc. রবীন্দ্রনাথ ঠাকুর
246 ## - VARYING FORM OF TITLE
Title proper/short title Gitmalika
260 ## - PUBLICATION, DISTRIBUTION, ETC.
Place of publication, distribution, etc. কলকাতা :
Name of publisher, distributor, etc. বিশ্বভারতী,
Date of publication, distribution, etc. 1969.
300 ## - PHYSICAL DESCRIPTION
Extent খণ্ড :
Dimensions ২৪ সেমি.।
490 ## - SERIES STATEMENT
Volume/sequential designation খণ্ড : ১-২
650 ## - SUBJECT ADDED ENTRY--TOPICAL TERM
Topical term or geographic name entry element সঙ্গীতের মূলনীতি
650 ## - SUBJECT ADDED ENTRY--TOPICAL TERM
Topical term or geographic name entry element Basic Principles of Music
942 ## - ADDED ENTRY ELEMENTS (KOHA)
Koha item type Books
Holdings
Withdrawn status Lost status Source of classification or shelving scheme Damaged status Not for loan Collection Home library Current library Shelving location Date acquired Source of acquisition Total checkouts Full call number Barcode Date last seen Copy number Price effective from Koha item type
    Dewey Decimal Classification     Non-fiction Jagannath University Central Library Jagannath University Central Library General stacks 01/11/2026 Purchased   781.1 TAG JNUCL34683 01/11/2026 1 01/11/2026 Books
    Dewey Decimal Classification     Non-fiction Jagannath University Central Library Jagannath University Central Library General stacks 01/11/2026 Purchased   781.1 TAG JNUCL34684 01/11/2026 2 01/11/2026 Books